| 000 | 00617nam a2200181Ia 4500 | ||
|---|---|---|---|
| 005 | 20250508170147.0 | ||
| 008 | 008 250505s9999 xx 000 0 eng d | ||
| 037 | _aTextual | ||
| 040 |
_aFEDL _beng _cFEDL |
||
| 041 |
_aeng _2eng |
||
| 084 |
_a613, DEB _qFEDL |
||
| 245 | 0 | _aDebating public health glimpses of and argumentative assembly: A report of the Chandrakant Patil memorial eastern India regional health assembly | |
| 260 |
_aKolkata, India _bPratichi Institute _c2011 |
||
| 300 | _a106p. | ||
| 546 | _aGifted by Prof. Poonam Batra1 | ||
| 942 |
_cTEXL _h613, DEB |
||
| 999 |
_c1399535 _d1399535 |
||